000 00468nam a2200193Ia 4500
003 OSt
005 20250120095705.0
008 231217s9999 xx 000 0 und d
020 _a8185015619
040 _c0
041 _aEnglish
082 _a001.6425 AHO;19
100 _aAho, Alfred V. Ullman, Jefferey D.
245 0 _aPrinciples of compiler design
260 _c1986
_bNarosa
_aNew Delhi
300 _axii, 612
650 _acompiler
942 _cAA
_2ddc
999 _c197699
_d197699